000
00241nam a2200109Ia 4500
008
190216s9999||||xx |||||||||||||| ||und||
100
_a
Changampuzha Krishan Pillai
245
0
_a
Yavanika
260
_b
Null
650
_a
Kavitha
942
_c
BK
999
_c
25114
_d
25114